[Event "SR 2. liga A 2003/2004"]
[Site "?"]
[Date "2003.10.18"]
[Round "1.4"]
[White "Kolman, Richard"]
[Black "Rohackova, Veronika"]
[Result "1-0"]
[WhiteElo "2102"]
[BlackElo "2055"]
[PlyCount "65"]
[EventDate "2003.??.??"]

1. d4 e6 2. Nf3 Nf6 3. Bg5 h6 4. Bh4 Be7 5. Nbd2 d5 6. e3 O-O 7. Bd3 Nbd7 8.
O-O Re8 9. c3 c5 10. Ne5 Nxe5 11. dxe5 Nd7 12. Bxe7 Qxe7 13. f4 b6 14. Qh5 f5
15. g4 fxg4 16. Qxg4 Bb7 17. Rf3 c4 18. Bc2 d4 19. exd4 Bxf3 20. Nxf3 Nf8 21.
Be4 Rac8 22. Nh4 Rc7 23. Kh1 b5 24. Rg1 a5 25. f5 Qg5 26. Qxg5 hxg5 27. Rxg5
exf5 28. Nxf5 b4 29. Bd5+ Kh8 30. Rh5+ Nh7 31. Nd6 Rf8 32. Be4 g5 33. e6 1-0

[Event "SR 2. liga A 2003/2004"]
[Site "?"]
[Date "2003.10.18"]
[Round "1.4"]
[White "Lahucky, Pavol"]
[Black "Kovacocy, Pavel"]
[Result "0-1"]
[WhiteElo "2099"]
[BlackElo "2263"]
[PlyCount "123"]
[EventDate "2003.??.??"]

1. c4 g6 2. Nc3 Bg7 3. e4 c5 4. f4 d6 5. Nf3 Nc6 6. d3 e6 7. Be2 Nge7 8. O-O
O-O 9. h3 Nd4 10. Nxd4 Bxd4+ 11. Kh2 a6 12. g4 f5 13. exf5 gxf5 14. g5 Ng6 15.
Bh5 Bg7 16. Qf3 Qc7 17. Bd2 Bd7 18. Rae1 Rae8 19. Qg3 b5 20. Bf3 b4 21. Nd1 e5
22. Bd5+ Kh8 23. Kg1 Bc6 24. Qf3 Bxd5 25. Qxd5 Nxf4 26. Bxf4 exf4 27. Rxe8 Rxe8
28. Rxf4 Bd4+ 29. Nf2 Re5 30. Qa8+ Kg7 31. Kg2 Be3 32. Rf3 Bxg5 33. Qxa6 Bh4
34. Rf4 Bg5 35. Rf3 h5 36. a4 h4 37. Qa8 Bd8 38. Rf4 Bg5 39. Rf3 Qf7 40. Qc8
Qg6 41. Kf1 Kh7 42. Qf8 Bh6 43. Qd8 Bg5 44. Qf8 Be7 45. Qc8 Qh5 46. Rf4 Qe2+
47. Kg2 Re6 48. Rxf5 Rg6+ 49. Kh2 Bf6 50. Qd7+ Bg7 51. Rf4 Qe5 52. Qf5 Qxf4+
53. Qxf4 Be5 54. Qxe5 dxe5 55. Ne4 Ra6 56. b3 Rc6 57. Kg2 Kg6 58. Kf3 Kf5 59.
Ke3 Rg6 60. Kf2 Rc6 61. Kf3 Rc7 62. Nd6+ {cas} 0-1

[Event "SR 2. liga A 2003/2004"]
[Site "?"]
[Date "2003.10.18"]
[Round "1.4"]
[White "Puchart, Vladimir"]
[Black "Kovarik, Oto"]
[Result "1/2-1/2"]
[WhiteElo "2145"]
[BlackElo "2128"]
[PlyCount "31"]
[EventDate "2003.??.??"]

1. d4 d5 2. c4 e6 3. Nf3 Nf6 4. Bg5 Be7 5. Nc3 O-O 6. e3 b6 7. Rc1 Bb7 8. Qc2
Nbd7 9. Bd3 dxc4 10. Bxc4 c5 11. dxc5 Nxc5 12. O-O a6 13. a3 b5 14. Ba2 Rc8 15.
Qe2 Qb6 16. Nd4 1/2-1/2

[Event "SR 2. liga A 2003/2004"]
[Site "?"]
[Date "2003.10.18"]
[Round "1.4"]
[White "Vychodil, Michal"]
[Black "Furjel, Andrej"]
[Result "1/2-1/2"]
[WhiteElo "2104"]
[BlackElo "1905"]
[PlyCount "94"]
[EventDate "2003.??.??"]

1. e4 e6 2. d4 d5 3. Nc3 Nf6 4. Bg5 dxe4 5. Nxe4 Be7 6. Bxf6 Bxf6 7. Nf3 Bd7 8.
Bd3 Bc6 9. c3 Bxe4 10. Bxe4 c6 11. Qc2 g6 12. O-O-O Nd7 13. Rhe1 O-O 14. Kb1
Qc7 15. h4 c5 16. h5 Kg7 17. Qd2 Rad8 18. Rh1 Rh8 19. h6+ Kf8 20. Qe3 cxd4 21.
Nxd4 a6 22. Qf3 Ke7 23. Bxb7 Ne5 24. Qe4 Rb8 25. Bxa6 Qxc3 26. Nb3 Qb4 27. Rd4
Qb6 28. Be2 Nc6 29. Rd2 Na5 30. Nxa5 Qxa5 31. Rhd1 Rhd8 32. Qe3 Rxd2 33. Rxd2
Bg5 34. f4 Bxh6 35. Qd4 Qc7 36. g3 Rd8 37. Qxd8+ Qxd8 38. Rxd8 Kxd8 39. Kc2 g5
40. f5 exf5 41. Bd3 Bg7 42. Bxf5 h5 43. b4 g4 44. a4 Kc7 45. Bh7 Be5 46. Bg8 f5
47. Bf7 Bxg3 1/2-1/2

[Event "SR 2. liga A 2003/2004"]
[Site "?"]
[Date "2003.10.18"]
[Round "1.5"]
[White "Bury, Rastislav"]
[Black "Kuna, Vladimir"]
[Result "1/2-1/2"]
[WhiteElo "2052"]
[BlackElo "2149"]
[PlyCount "47"]
[EventDate "2003.??.??"]

1. d4 d5 2. c4 e6 3. Nc3 Nf6 4. Bg5 Be7 5. Nf3 c6 6. e3 Nbd7 7. Bd3 dxc4 8.
Bxc4 Nd5 9. Bxe7 Qxe7 10. O-O Nxc3 11. bxc3 O-O 12. a4 Rd8 13. Qb3 c5 14. Rfd1
cxd4 15. cxd4 b6 16. a5 Bb7 17. axb6 Nxb6 18. Ne5 Nxc4 19. Qxc4 Bd5 20. Qe2 f6
21. Nd3 Bc4 22. Qc2 Bxd3 23. Rxd3 a5 24. Rda3 1/2-1/2

[Event "SR 2. liga A 2003/2004"]
[Site "?"]
[Date "2003.10.18"]
[Round "1.5"]
[White "Gasa, Andrej"]
[Black "Sycova, Miroslava"]
[Result "1/2-1/2"]
[WhiteElo "2188"]
[BlackElo "2068"]
[PlyCount "93"]
[EventDate "2003.??.??"]

1. e4 e5 2. Nf3 Nc6 3. Bb5 a6 4. Ba4 Nf6 5. O-O Be7 6. Re1 b5 7. Bb3 d6 8. c3
O-O 9. h3 Na5 10. Bc2 c5 11. d4 Qc7 12. Nbd2 cxd4 13. cxd4 Nc6 14. d5 Nb4 15.
Bb1 a5 16. Nf1 Bd7 17. Bd2 Na6 18. Bd3 Nc5 19. Rc1 Qb8 20. Bb1 Rc8 21. Ng3 b4
22. Nh2 g6 23. f4 exf4 24. Bxf4 Bb5 25. Nf3 Nfd7 26. e5 dxe5 27. Nxe5 Nxe5 28.
Bxe5 Bd6 29. Qd4 Bxe5 30. Rxe5 Nd7 31. Rxc8+ Qxc8 32. Re1 Qc4 33. Qf2 Qc5 34.
Qxc5 Nxc5 35. Ne4 Nxe4 36. Bxe4 Re8 37. Kf2 f5 38. Bf3 Rxe1 39. Kxe1 Kf7 40.
Be2 Bd7 41. Kd2 Ke7 42. Ke3 Kd6 43. Kd4 Bc8 44. a3 bxa3 45. bxa3 Bb7 46. Bc4 h6
47. h4 1/2-1/2

[Event "SR 2. liga A 2003/2004"]
[Site "?"]
[Date "2003.10.18"]
[Round "1.5"]
[White "Gono, Pavol"]
[Black "Szollos, Ondrej"]
[Result "1-0"]
[WhiteElo "1910"]
[BlackElo "2068"]
[PlyCount "126"]
[EventDate "2003.??.??"]

1. e4 d6 2. d4 c6 3. Nf3 Qc7 4. Bd3 e5 5. O-O Be7 6. c3 Nf6 7. Be3 Bg4 8. Nbd2
O-O 9. h3 Bh5 10. Re1 Nbd7 11. Nf1 Rfe8 12. Ng3 Bg6 13. Nh4 Bf8 14. Nxg6 hxg6
15. Qc2 Be7 16. f4 c5 17. b3 b5 18. fxe5 dxe5 19. dxc5 Bxc5 20. Kh1 a6 21. a4
bxa4 22. Rxa4 Bxe3 23. Rxe3 a5 24. Re1 Qb6 25. b4 axb4 26. Rxb4 Qc7 27. Reb1
Nc5 28. Bc4 Red8 29. Qe2 Rac8 30. Ra1 Qc6 31. Bb5 Qd6 32. Rb2 Ne6 33. Bc4 Nf4
34. Qf1 Qc7 35. Ra4 Rd6 36. Kh2 Rc6 37. Rbb4 Qe7 38. Qf3 Ne6 39. Qe2 Rd8 40.
Ra2 Nf4 41. Qf3 Nd3 42. Rba4 Nf4 43. Ne2 N6h5 44. Nxf4 Nxf4 45. g3 Rxc4 46.
Rxc4 Nxh3 47. Rca4 Qe6 48. Ra8 Rc8 49. Qd3 Ng5 50. Rxc8+ Qxc8 51. Kg1 Nh3+ 52.
Kf1 g5 53. Rd2 Qg4 54. c4 f5 55. exf5 e4 56. Qe3 Qxf5+ 57. Ke1 Qe5 58. Rd4 g4
59. Rxe4 Qa1+ 60. Ke2 Qb2+ 61. Qd2 Ng1+ 62. Ke3 Qa3+ 63. Qd3 Qa7+ {Dalsia cast
partie sa podla zapisov neda zrekonstruovat, cierny prehral v 73. tahu. Hecko}
1-0

[Event "SR 2. liga A 2003/2004"]
[Site "?"]
[Date "2003.10.18"]
[Round "1.5"]
[White "Kebis, Milos"]
[Black "Tokos, Jozef"]
[Result "0-1"]
[WhiteElo "2094"]
[BlackElo "2042"]
[PlyCount "74"]
[EventDate "2003.??.??"]

1. c4 c6 2. d4 d5 3. Nc3 Nf6 4. Nf3 e6 5. e3 Nbd7 6. Bd3 dxc4 7. Bxc4 b5 8. Bb3
a6 9. O-O Bb7 10. Re1 c5 11. a3 Be7 12. Bc2 O-O 13. e4 Qc7 14. Bg5 Rfe8 15. e5
Nd5 16. Ne4 cxd4 17. Rc1 Qb6 18. Bxe7 Rxe7 19. Qd2 Kh8 20. h4 f5 21. exf6 gxf6
22. Nxd4 Rg8 23. Ng3 Rxg3 24. fxg3 e5 25. Bf5 Nf8 26. Kh2 exd4 27. Rxe7 Nxe7
28. Qh6 Kg8 29. Bh3 Qd6 30. Rf1 Nd5 31. Qh5 Ne3 32. Rf2 d3 33. Rd2 Nf1+ 34. Kg1
Nxd2 35. Qg4+ Kh8 36. Kh2 Nf1+ 37. Kg1 d2 0-1

[Event "SR 2. liga A 2003/2004"]
[Site "?"]
[Date "2003.10.18"]
[Round "1.5"]
[White "Kruppa, Dominik"]
[Black "Isa, Vlastimil"]
[Result "1-0"]
[WhiteElo "2038"]
[BlackElo "2007"]
[PlyCount "72"]
[EventDate "2003.??.??"]

1. e4 c5 2. Nf3 Nc6 3. d4 cxd4 4. Nxd4 Nf6 5. Nc3 e5 6. Ndb5 d6 7. Bg5 a6 8.
Na3 b5 9. Bxf6 gxf6 10. Nd5 Bg7 11. c3 f5 12. exf5 Bxf5 13. Nc2 Be6 14. Nce3
O-O 15. Bd3 f5 16. Qh5 e4 17. Bc2 Qe8 18. Qxe8 Raxe8 19. Nc7 d5 20. Bb3 Na5 21.
Bxd5 Bxd5 22. Nxe8 Rxe8 23. Nxd5 Nc4 24. O-O-O Ne5 25. Rhe1 Rf8 26. Kc2 Ng4 27.
f3 Nf2 28. Rd2 Nd3 29. Ree2 exf3 30. gxf3 Ne5 31. f4 Ng6 32. Ne7+ Nxe7 33. Rxe7
Rf7 34. Rxf7 Kxf7 35. Rd6 a5 36. Ra6 Bh6 1-0

[Event "SR 2. liga A 2003/2004"]
[Site "?"]
[Date "2003.10.18"]
[Round "1.5"]
[White "Kubis, Ivan"]
[Black "Mosny, Jaroslav"]
[Result "1-0"]
[WhiteElo "2062"]
[BlackElo "2051"]
[PlyCount "71"]
[EventDate "2003.??.??"]

1. e4 c5 2. Nf3 Nc6 3. d4 cxd4 4. Nxd4 Nf6 5. Nc3 e5 6. Ndb5 d6 7. Bg5 a6 8.
Bxf6 gxf6 9. Na3 b5 10. Nd5 f5 11. Bd3 Be6 12. Qh5 Bg7 13. O-O f4 14. c4 b4 15.
Nc2 a5 16. b3 Rb8 17. Rac1 h6 18. Rfd1 Qg5 19. Be2 Rb7 20. h4 Qxh5 21. Bxh5 O-O
22. Bf3 Rd8 23. Rd2 Nd4 24. Nxd4 exd4 25. Nxf4 Be5 26. Ne2 Rc7 27. Rcd1 a4 28.
Nxd4 axb3 29. axb3 Ra7 30. Nc6 Rda8 31. Nxa7 Rxa7 32. g3 Ra3 33. Rd3 Kf8 34.
Bg2 Ra2 35. f4 Bc3 36. Rxd6 1-0

[Event "SR 2. liga A 2003/2004"]
[Site "?"]
[Date "2003.10.18"]
[Round "1.6"]
[White "Cseto, Jan"]
[Black "Mandak, Miroslav"]
[Result "1/2-1/2"]
[WhiteElo "2014"]
[BlackElo "2084"]
[PlyCount "50"]
[EventDate "2003.??.??"]

1. e4 c5 2. Nf3 d6 3. d4 cxd4 4. Nxd4 Nf6 5. Nc3 a6 6. Be2 e5 7. Nb3 Be6 8. O-O
Be7 9. Kh1 d5 10. exd5 Nxd5 11. Nxd5 Bxd5 12. f4 Nc6 13. c4 Be6 14. Bd2 exf4
15. Bxf4 Qxd1 16. Raxd1 O-O 17. Nd4 Nxd4 18. Rxd4 Rfd8 19. Rfd1 Rxd4 20. Rxd4
Rd8 21. Rxd8+ Bxd8 22. Be5 Kf8 23. Bd4 g6 24. Kg1 Ke7 25. Kf2 Kd6 1/2-1/2

[Event "SR 2. liga A 2003/2004"]
[Site "?"]
[Date "2003.10.18"]
[Round "1.6"]
[White "Gabris, Ondrej"]
[Black "Karlik, Lukas"]
[Result "1-0"]
[WhiteElo "2044"]
[BlackElo "1866"]
[PlyCount "83"]
[EventDate "2003.??.??"]

1. e4 d5 2. exd5 Qxd5 3. Nc3 Qa5 4. d4 c6 5. Nf3 Nf6 6. Bc4 Bg4 7. O-O e6 8. h3
Bh5 9. Re1 Be7 10. Bf4 O-O 11. g4 Bg6 12. a3 Nbd7 13. Qd2 Qd8 14. Nh4 Nd5 15.
Nxg6 hxg6 16. Nxd5 cxd5 17. Bd3 Rc8 18. b3 Bf6 19. Bf1 a6 20. Red1 Qb6 21. g5
Be7 22. Rdb1 Qc6 23. c4 dxc4 24. bxc4 Nb6 25. Bg2 Nxc4 26. Qd1 Qe8 27. Bxb7 Rd8
28. Bc7 Bxg5 29. Bxd8 Qxd8 30. Bxa6 Nd2 31. Rb4 Qd6 32. Bb7 Rd8 33. Ra2 Qf4 34.
Qg4 Rxd4 35. Qxf4 Rxf4 36. Rxf4 Bxf4 37. a4 Nb3 38. a5 Bb8 39. a6 Ba7 40. Rc2
Nc5 41. Rd2 Bb6 42. Rd6 1-0

[Event "SR 2. liga A 2003/2004"]
[Site "?"]
[Date "2003.10.18"]
[Round "1.6"]
[White "Gajarsky, Roman"]
[Black "Sarmir, Milos"]
[Result "0-1"]
[WhiteElo "2021"]
[BlackElo "2142"]
[PlyCount "122"]
[EventDate "2003.??.??"]

1. e4 e5 2. Nf3 Nc6 3. Bc4 Bc5 4. c3 Nf6 5. d3 O-O 6. O-O d6 7. Be3 Bxe3 8.
fxe3 Na5 9. Bb3 Nxb3 10. Qxb3 b6 11. Nbd2 Qe7 12. Qc2 Bd7 13. Rad1 a5 14. a4
Rfb8 15. h3 c6 16. Ra1 h6 17. d4 b5 18. dxe5 dxe5 19. c4 Qc5 20. Qc3 b4 21.
Qxe5 Qxe3+ 22. Kh2 Re8 23. Qc7 Ra7 24. Qg3 Nxe4 25. Nxe4 Qxe4 26. b3 Be6 27.
Rad1 Raa8 28. Rfe1 Qg6 29. Qc7 Rec8 30. Qd6 Bf5 31. Re3 Bc2 32. Rd2 Qxd6+ 33.
Rxd6 Re8 34. Rxe8+ Rxe8 35. Nd4 Bd1 36. Nxc6 Bxb3 37. Nxa5 Bxa4 38. Rb6 Ra8 39.
Nb7 b3 40. Nc5 Ra7 41. Nxb3 Rc7 42. Na5 Rc5 43. Ra6 Bc2 44. Nb7 Rxc4 45. Ra2
Rc7 46. Nd6 Bb3 47. Rb2 Rc3 48. Ne4 Re3 49. Nd6 Kh7 50. Rf2 f6 51. Rf3 Rxf3 52.
gxf3 g5 53. Kg3 Kg6 54. f4 Be6 55. fxg5 hxg5 56. Ne4 f5 57. Nf2 Kh5 58. Nd3 Bd5
59. Nf2 Be4 60. Nd1 f4+ 61. Kh2 Kh4 0-1

[Event "SR 2. liga A 2003/2004"]
[Site "?"]
[Date "2003.10.18"]
[Round "1.6"]
[White "Mikulas, Dusan"]
[Black "Machalova, Erika"]
[Result "1/2-1/2"]
[WhiteElo "2143"]
[BlackElo "1988"]
[PlyCount "126"]
[EventDate "2003.??.??"]

1. e4 c5 2. Nf3 d6 3. d4 cxd4 4. Nxd4 Nf6 5. Nc3 a6 6. f4 Nbd7 7. Bd3 b5 8. Nf3
Bb7 9. a3 e6 10. O-O Be7 11. Qe1 Nc5 12. Kh1 O-O 13. Rf2 Rc8 14. Re2 Qc7 15.
Qg3 Nxd3 16. cxd3 Rfd8 17. f5 e5 18. Bh6 Bf8 19. Bg5 Be7 20. Rg1 Kh8 21. Qh4
Ng8 22. g4 Rd7 23. Rg3 Bxg5 24. Nxg5 h6 25. Reg2 Qd8 26. Rh3 Qe7 27. Rf2 Qf6
28. Qh5 Qe7 29. Nf3 f6 30. Nh4 Qf7 31. Ng6+ Kh7 32. g5 fxg5 33. Qxg5 Qf6 34.
Qg3 Ne7 35. Rh4 Nxf5 36. Qg4 Qxg6 37. Qxg6+ Kxg6 38. Rxf5 Rcc7 39. Rg4+ Kh7 40.
Rf8 Rf7 41. Rd8 Rcd7 42. Re8 Rf3 43. Rg3 Rxg3 44. hxg3 Kg6 45. Kg2 Kf7 46. Rb8
d5 47. exd5 Ke7 48. Kf3 Bxd5+ 49. Nxd5+ Rxd5 50. Ke4 Rd4+ 51. Ke3 Ke6 52. Ra8
Ra4 53. Kf3 a5 54. Ra7 g6 55. Ra8 b4 56. axb4 Rxb4 57. Rxa5 Rxb2 58. Ra6+ Kf7
59. Ra5 Kf6 60. Ra6+ Kg5 61. Ra5 Kf6 62. Ra6+ Kf7 63. Ra5 Kf6 1/2-1/2

[Event "SR 2. liga A 2003/2004"]
[Site "?"]
[Date "2003.10.18"]
[Round "1.6"]
[White "Puskas, Miroslav"]
[Black "Samko, Karol"]
[Result "1/2-1/2"]
[WhiteElo "2108"]
[BlackElo "1998"]
[PlyCount "68"]
[EventDate "2003.??.??"]

1. e4 c5 2. Nf3 Nc6 3. d4 cxd4 4. Nxd4 g6 5. Be3 Bg7 6. Bc4 Nf6 7. Nc3 Qa5 8.
f3 Qb4 9. Bb3 Nxe4 10. fxe4 Bxd4 11. Bd2 Qc5 12. Qe2 Bg7 13. O-O-O Nd4 14. Qd3
Nxb3+ 15. axb3 O-O 16. Nd5 a5 17. Be3 Qd6 18. Nb6 Qxd3 19. Rxd3 Ra6 20. Nxc8
Rxc8 21. Rxd7 Re6 22. Rhd1 f5 23. Bd2 fxe4 24. Bxa5 b6 25. Rd8+ Rxd8 26. Rxd8+
Kf7 27. Bc3 Bh6+ 28. Kb1 Bf4 29. g3 Bg5 30. h4 Bf6 31. Rd1 Bxc3 32. bxc3 Kf6
33. Rf1+ Ke5 34. Rf7 h5 1/2-1/2

[Event "SR 2. liga A 2003/2004"]
[Site "?"]
[Date "2003.10.18"]
[Round "1.6"]
[White "Syrovy, Ivan"]
[Black "Krchnak, Rudolf"]
[Result "1-0"]
[WhiteElo "2073"]
[BlackElo "1809"]
[PlyCount "115"]
[EventDate "2003.??.??"]

1. e4 c5 2. Nf3 d6 3. c3 Nc6 4. Be2 Nf6 5. d3 e6 6. Bg5 Be7 7. O-O O-O 8. Nbd2
a6 9. Ne1 b5 10. f4 h6 11. Bh4 Ne8 12. Bf2 f5 13. Be3 Nf6 14. Bf3 Bb7 15. Qb3
d5 16. e5 Na5 17. Qd1 Nd7 18. d4 cxd4 19. cxd4 Rc8 20. Rc1 Nc4 21. Nxc4 bxc4
22. g4 g6 23. Ng2 Kh7 24. Bd2 Nb8 25. Ne3 Nc6 26. Bc3 Nb4 27. Bxb4 Bxb4 28.
Nxc4 Rxc4 29. Rxc4 dxc4 30. Bxb7 Qb6 31. Bf3 Rd8 32. gxf5 gxf5 33. Kh1 Qxd4 34.
Qxd4 Rxd4 35. Bb7 Bd2 36. Rd1 c3 37. bxc3 Bxc3 38. Rxd4 Bxd4 39. Kg2 a5 40. Bc8
Be3 41. Kf3 Bd2 42. Bxe6 Kg6 43. Bd7 Be1 44. Ke2 Bh4 45. Kd3 Bf2 46. a4 Bg1 47.
h4 Kh5 48. Bxf5 Kxh4 49. Ke4 Bc5 50. Bd7 Kh5 51. Be8+ Kg4 52. Bd7+ Kg3 53. e6
Be7 54. Ke5 Kg4 55. Bb5 Kh4 56. Be2 Ba3 57. Kf6 Bc1 58. e7 1-0

[Event "SR 2. liga A 2003/2004"]
[Site "?"]
[Date "2003.10.18"]
[Round "1.7"]
[White "Diviak, Rastislav"]
[Black "Hecht, Tomas"]
[Result "1/2-1/2"]
[WhiteElo "1954"]
[BlackElo "2034"]
[PlyCount "89"]
[EventDate "2003.??.??"]

1. e4 c5 2. Nf3 Nc6 3. d4 cxd4 4. Nxd4 g6 5. Nc3 Bg7 6. Be3 Nf6 7. Bc4 d6 8. h3
O-O 9. Qd2 Bd7 10. O-O Qa5 11. Nb3 Qb4 12. Bd3 Nh5 13. g4 Ne5 14. Qe2 Nxd3 15.
Qxd3 Bxc3 16. bxc3 Qa4 17. c4 Ng7 18. Rfd1 Rfd8 19. Qe2 Be6 20. Rd4 Rac8 21. c5
Qc6 22. Rad1 Bxb3 23. cxb3 Ne6 24. Rc4 dxc5 25. Rdc1 b5 26. R4c3 Qxe4 27. Qxb5
Nd4 28. Bxd4 Qxd4 29. Rxc5 Rxc5 30. Qxc5 Qxc5 31. Rxc5 Rd7 32. Kg2 f6 33. a4
Kf7 34. Rc3 Rb7 35. f4 Ke6 36. Kf3 Kd5 37. Ke3 e5 38. fxe5 Kxe5 39. Rc5+ Kd6
40. Rc3 Kd5 41. Kd3 f5 42. gxf5 gxf5 43. Ke3 Rb4 44. Kf3 a5 45. Rd3+ 1/2-1/2

[Event "SR 2. liga A 2003/2004"]
[Site "?"]
[Date "2003.10.18"]
[Round "1.7"]
[White "Karlik, Lubomir"]
[Black "Soos, Vladimir"]
[Result "1/2-1/2"]
[WhiteElo "1903"]
[BlackElo "1990"]
[PlyCount "85"]
[EventDate "2003.??.??"]

1. d4 Nf6 2. c4 e5 3. dxe5 Ng4 4. Nf3 Bc5 5. e3 Nc6 6. Be2 Ngxe5 7. O-O O-O 8.
Nc3 d6 9. b3 Bf5 10. Bb2 Nb4 11. Nxe5 dxe5 12. e4 Be6 13. Nd5 Nc6 14. a3 Bd4
15. Qc2 Bxb2 16. Qxb2 Nd4 17. b4 c6 18. Ne3 Qh4 19. Bd3 Rad8 20. c5 Qg5 21. Kh1
Qf4 22. Bc4 Qxe4 23. Rae1 Qg6 24. Qc3 Rd7 25. Bxe6 Qxe6 26. Nc4 Nb5 27. Qc1 f6
28. f4 e4 29. f5 Qe7 30. a4 Nc7 31. Nd6 Ne8 32. Rxe4 Qd8 33. Nc4 Rd4 34. Rfe1
Rxe4 35. Rxe4 Rf7 36. h3 Rd7 37. Qe3 Kf8 38. Qe2 Rd1+ 39. Kh2 Qc7+ 40. g3 Qd8
41. h4 Qd7 42. Re6 Rd5 43. Qe4 1/2-1/2

[Event "SR 2. liga A 2003/2004"]
[Site "?"]
[Date "2003.10.18"]
[Round "1.7"]
[White "Kasanicky, Robert"]
[Black "Hagara, Vladimir"]
[Result "1/2-1/2"]
[WhiteElo "1986"]
[BlackElo "2003"]
[PlyCount "85"]
[EventDate "2003.??.??"]

1. d4 Nf6 2. c4 d5 3. Nc3 g6 4. Nf3 Bg7 5. Bg5 Ne4 6. cxd5 Nxc3 7. bxc3 Qxd5 8.
Bf4 c5 9. e3 cxd4 10. cxd4 Nc6 11. Be2 O-O 12. O-O Be6 13. Nd2 Rac8 14. Bc4 Qd7
15. Bxe6 Qxe6 16. Nb3 Qd5 17. Rc1 b6 18. h3 e6 19. Qe2 Qd7 20. Qb5 Nb8 21. Qxd7
Nxd7 22. Bd6 Rfe8 23. Rxc8 Rxc8 24. Rc1 Rxc1+ 25. Nxc1 Bf8 26. Bxf8 Kxf8 27. e4
f6 28. Kf1 Ke7 29. Ke2 Kd6 30. Kd3 Kc6 31. Kc3 Nb8 32. f3 Na6 33. Nd3 Nc7 34.
a4 a6 35. Nb4+ Kd6 36. Kc4 b5+ 37. axb5 axb5+ 38. Kc3 h6 39. Kc2 Kd7 40. Kc3 g5
41. Kb3 Kd6 42. Kc3 Kd7 43. Kb3 1/2-1/2

[Event "SR 2. liga A 2003/2004"]
[Site "?"]
[Date "2003.10.18"]
[Round "1.7"]
[White "Raczko, Peter"]
[Black "Vrba, Michal"]
[Result "0-1"]
[WhiteElo "2090"]
[BlackElo "1863"]
[PlyCount "62"]
[EventDate "2003.??.??"]

1. e4 d5 2. exd5 Qxd5 3. Nc3 Qa5 4. d4 c6 5. Nf3 Nf6 6. Bd2 Bf5 7. Ne4 Qc7 8.
Ng3 Bg6 9. Be2 e6 10. O-O Bd6 11. c3 h6 12. Be3 Nbd7 13. Bd3 Bxd3 14. Qxd3
O-O-O 15. b4 Nd5 16. Ne4 Be7 17. a4 f5 18. Nc5 Bxc5 19. bxc5 N5f6 20. Qc4 Rhe8
21. Rfb1 f4 22. Bd2 Ne4 23. Rb2 Nxd2 24. Nxd2 e5 25. Ne4 Nf6 26. Nd6+ Rxd6 27.
cxd6 Qxd6 28. Rab1 Re7 29. dxe5 Qxe5 30. Kf1 Nd5 31. Re2 $4 Qxe2+ 0-1

[Event "SR 2. liga A 2003/2004"]
[Site "?"]
[Date "2003.10.18"]
[Round "1.7"]
[White "Sekera, Branislav"]
[Black "Slamena, Michal"]
[Result "1-0"]
[WhiteElo "2122"]
[BlackElo "1872"]
[PlyCount "87"]
[EventDate "2003.??.??"]

1. d4 d5 2. Nf3 Nf6 3. c4 e6 4. Bg5 Nbd7 5. cxd5 exd5 6. e3 h6 7. Bh4 g5 8. Bg3
Ne4 9. Bd3 Ndf6 10. Nfd2 Bf5 11. Bxe4 Bxe4 12. O-O Bd6 13. Bxd6 Qxd6 14. Nc3
Bd3 15. Re1 O-O 16. Rc1 c6 17. Nf3 Bg6 18. Ne5 Ne4 19. a3 Nxc3 20. Rxc3 f5 21.
f4 g4 22. b4 Be8 23. Qb3 a6 24. Rec1 Bd7 25. Rc5 Kg7 26. a4 Rac8 27. Qc3 b6 28.
Nxd7 bxc5 29. dxc5+ d4 30. cxd6 dxc3 31. Nxf8 Kxf8 32. Rxc3 Ke8 33. Rc5 Kd7 34.
Rxf5 Rb8 35. e4 Kxd6 36. Rf6+ Kd7 37. Kf2 Rxb4 38. Ke3 h5 39. f5 Rxa4 40. e5
Ra1 41. Rf7+ Ke8 42. Ra7 a5 43. f6 a4 44. Kf4 1-0

[Event "SR 2. liga A 2003/2004"]
[Site "?"]
[Date "2003.10.18"]
[Round "1.7"]
[White "Zak, Daniel"]
[Black "Ac, Alexander"]
[Result "1/2-1/2"]
[WhiteElo "1718"]
[BlackElo "2085"]
[PlyCount "41"]
[EventDate "2003.??.??"]

1. e4 e6 2. d4 d5 3. exd5 exd5 4. Nf3 Bd6 5. Bd3 Ne7 6. Bg5 O-O 7. O-O Bg4 8.
h3 Bh5 9. Nbd2 f6 10. Bh4 Qd7 11. Bg3 Bxg3 12. fxg3 Qd6 13. Qe1 Nbc6 14. c3
Rae8 15. Qf2 Bg6 16. Bxg6 hxg6 17. Nh4 g5 18. Nf5 Nxf5 19. Qxf5 Re2 20. Rf2
Rfe8 21. Raf1 1/2-1/2

[Event "SR 2. liga A 2003/2004"]
[Site "?"]
[Date "2003.10.18"]
[Round "1.8"]
[White "Cambel, Vladimir"]
[Black "Pericka, Tomas"]
[Result "1-0"]
[WhiteElo "1800"]
[BlackElo "1745"]
[PlyCount "53"]
[EventDate "2003.??.??"]

1. c4 f5 2. d4 Nf6 3. Nc3 e6 4. g3 Be7 5. Bg2 O-O 6. e3 d6 7. Nge2 Nbd7 8. O-O
e5 9. b4 Rb8 10. Qc2 Nh5 11. Rd1 Bg5 12. f4 exf4 13. exf4 Be7 14. d5 c5 15.
dxc6 bxc6 16. Nd4 Bb7 17. Nxf5 Qb6+ 18. Be3 Qd8 19. Nxd6 Bxd6 20. Rxd6 Qe7 21.
Qd2 Nb6 22. Bxb6 axb6 23. Re1 Qc7 24. Rd7 Qc8 25. Ree7 Ba6 26. Qd4 Nf6 27.
Rxg7+ 1-0

[Event "SR 2. liga A 2003/2004"]
[Site "?"]
[Date "2003.10.18"]
[Round "1.8"]
[White "Hertel, Ondrej"]
[Black "Palka, Miroslav"]
[Result "0-1"]
[WhiteElo "1853"]
[BlackElo "2030"]
[PlyCount "156"]
[EventDate "2003.??.??"]

1. d4 d5 2. c4 e6 3. Nc3 Nf6 4. Bg5 Nbd7 5. e3 c6 6. Nf3 Qa5 7. Nd2 dxc4 8.
Bxf6 Nxf6 9. Nxc4 Qc7 10. Bd3 Be7 11. Rc1 O-O 12. O-O b6 13. Ne5 Bb7 14. Qe2 c5
15. Nb5 Qd8 16. Rfd1 cxd4 17. Bc4 Qb8 18. exd4 a6 19. Nc3 Qd6 20. Rd2 b5 21.
Bd3 Rac8 22. Rcd1 Rfd8 23. h3 g6 24. Bb1 Bf8 25. Ne4 Nxe4 26. Bxe4 Bxe4 27.
Qxe4 Qd5 28. Qf4 Qb7 29. Ng4 Bg7 30. Nf6+ Bxf6 31. Qxf6 Qd5 32. a3 Rd7 33. Qf4
Rdc7 34. Qe5 Rd7 35. Qf4 Qc6 36. Rd3 Qd5 37. R1d2 Qd6 38. Qxd6 Rxd6 39. Kf1 Kf8
40. Ke2 Ke7 41. g3 Rd7 42. Kd1 Rdc7 43. Ke2 Rc1 44. Re3 R1c2 45. Red3 Kd6 46.
Rxc2 Rxc2+ 47. Rd2 Rc4 48. Ke3 Kd5 49. h4 Rc1 50. Kd3 h5 51. Ke3 a5 52. Kf4 f6
53. f3 Rc4 54. Ke3 b4 55. Rd3 Rc2 56. axb4 axb4 57. b3 g5 58. hxg5 fxg5 59. f4
gxf4+ 60. Kxf4 Rf2+ 61. Ke3 Rg2 62. Kf3 Rc2 63. Kf4 Rc1 64. Kg5 Rc3 65. Rd1
Rxg3+ 66. Kxh5 Rxb3 67. Kg5 Re3 68. Kf4 Re4+ 69. Kf3 Rxd4 70. Rc1 e5 71. Rc8 b3
72. Ke3 Rb4 73. Rd8+ Ke6 74. Rd1 b2 75. Rb1 Kd5 76. Kd3 Kc5 77. Kc2 Kc4 78. Kd2
Kb3 0-1

[Event "SR 2. liga A 2003/2004"]
[Site "?"]
[Date "2003.10.18"]
[Round "1.8"]
[White "Jurcak, Marian"]
[Black "Curidlo, Jan"]
[Result "0-1"]
[WhiteElo "1885"]
[BlackElo "1893"]
[PlyCount "98"]
[EventDate "2003.??.??"]

1. c4 Nf6 2. Nc3 g6 3. e4 d6 4. d4 Bg7 5. f3 Nbd7 6. Be3 a6 7. Qd2 O-O 8. Bh6
c5 9. Bxg7 Kxg7 10. d5 Qc7 11. O-O-O Rb8 12. g4 Qa5 13. h4 h5 14. g5 Ne8 15. f4
f5 16. exf5 Rxf5 17. Bh3 Nf8 18. Bxf5 Bxf5 19. Nge2 b5 20. Ng3 Bg4 21. Rde1 b4
22. Rxe7+ Kg8 23. Nce4 Qxa2 24. Qc2 Qa1+ 25. Kd2 Qa5 26. Nf6+ Nxf6 27. gxf6 Rd8
28. Rhe1 Bd7 29. Rg7+ Kh8 30. Ree7 Be8 31. Nxh5 b3+ 32. Qc3 Qxc3+ 33. Kxc3 gxh5
34. Kxb3 Bg6 35. Ra7 Bf5 36. Rxa6 Nh7 37. Rg1 Nxf6 38. Ka3 Ne4 39. Ra7 Bg4 40.
Re1 Re8 41. b4 cxb4+ 42. Kxb4 Rb8+ 43. Ka5 Nc5 44. Ree7 Bf5 45. Rf7 Bc2 46.
Rae7 Bd3 47. Rf6 Bxc4 48. Rh6+ Kg8 49. Rxh5 Rb5# 0-1

[Event "SR 2. liga A 2003/2004"]
[Site "?"]
[Date "2003.10.18"]
[Round "1.8"]
[White "Milanov, Jasen"]
[Black "Kundrak, Vladimir"]
[Result "1-0"]
[WhiteElo "2046"]
[BlackElo "1997"]
[PlyCount "69"]
[EventDate "2003.??.??"]

1. c4 e5 2. Nc3 Nf6 3. g3 c6 4. Bg2 d5 5. cxd5 cxd5 6. d3 Nc6 7. Bg5 Bb4 8.
Bxf6 gxf6 9. a3 Bxc3+ 10. bxc3 Be6 11. e3 Rc8 12. Ne2 Qd7 13. h4 Ne7 14. Rb1
Bg4 15. f3 Be6 16. Qd2 h5 17. e4 dxe4 18. fxe4 Bg4 19. c4 b6 20. Rf1 f5 21. Nc3
Rd8 22. Nd5 Nxd5 23. cxd5 fxe4 24. dxe4 f5 25. Qg5 Qe7 26. Qg6+ Qf7 27. exf5
Qxg6 28. fxg6 Rf8 29. Rxf8+ Kxf8 30. Be4 Rc8 31. Kd2 Rc4 32. Rf1+ Kg8 33. Bc2
Rd4+ 34. Ke3 Rxd5 $4 35. Bb3 1-0